| 000 | 00836nam a2200229Ia 4500 | ||
|---|---|---|---|
| 003 | BUBTL | ||
| 008 | 151213s9999 xx 000 0 und d | ||
| 041 | _aবাংলা/ English | ||
| 082 | _a346.096/ Al117n/ 2001 | ||
| 100 |
_aআলম, মুহাম্মদ সাইফুল _95413 |
||
| 245 |
_aহস্তান্তরযোগ্য দলিল আইন ১৮৮১/ _cমুহাম্মদ সাইফুল আলম |
||
| 250 | _b১ম সং | ||
| 260 |
_aঢাকা _bসামছ পাবলিকেশন্স _cc2001 |
||
| 300 |
_a288p. : _bill. ; 21 cm. |
||
| 526 | _aLaw | ||
| 650 | _aLaw | ||
| 650 | _a | ||
| 700 |
_aমুহাম্মদ সাইফুল আলম _95414 |
||
| 856 |
_k0 _l0 _yDownload |
||
| 942 |
_2ddc _cBK |
||
| 999 |
_c1086 _d1086 |
||